[Event "Muensterland Regionalliga Gr1 2223"]
[Site "Germany"]
[Date "2022.11.26"]
[Round "4.4"]
[White "Wigger, Frank"]
[Black "Sell, Markus"]
[Result "1-0"]
[WhiteElo "1848"]
[BlackElo "1824"]
[PlyCount "87"]
[EventDate "2022.09.03"]
[EventType "team-tourn"]
[EventRounds "7"]
[EventCountry "GER"]
[SourceTitle "EXT 2024"]
[Source "ChessBase"]
[SourceDate "2023.10.10"]
[SourceVersion "1"]
[SourceVersionDate "2023.10.10"]
[SourceQuality "1"]
[WhiteTeam "Metelen"]
[BlackTeam "Bocholt"]
[WhiteTeamCountry "GER"]
[BlackTeamCountry "GER"]

1. e4 d6 2. d4 Nf6 3. Nc3 g6 4. Be3 Bg7 5. Qd2 c6 6. Bh6 Bxh6 7. Qxh6 Qa5 8. Bd3 b5 9. Nf3 b4 10. Ne2 Qh5 11. Qd2 c5 12. Ng3 Qg4 13. Bb5+ Nfd7 14. dxc5 a6 15. Bxd7+ Qxd7 16. Qxb4 Nc6 17. Qc3 0-0 18. 0-0 dxc5 19. Qxc5 Qb7 20. b3 Be6 21. Nd4 Nxd4 22. Qxd4 Rfd8 23. Qe3 Rd6 24. Rfd1 Rdd8 25. Rd3 Rxd3 26. cxd3 Qd7 27. Rd1 a5 28. d4 a4 29. d5 Qb5 30. Qe2 Qxe2 31. Nxe2 axb3 32. axb3 Bc8 33. Rc1 Ba6 34. Nd4 Bd3 35. f3 e5 36. Nc6 Re8 37. Kf2 f5 38. Ke3 fxe4 39. fxe4 Bb5 40. Rc5 Bf1 41. g3 Bh3 42. Ra5 Bd7 43. b4 Kf7 44. Ra7 1-0

[Event "Muensterland Regionalliga Gr1 2223"]
[Site "Germany"]
[Date "2022.09.24"]
[Round "2.5"]
[White "Wigger, Frank"]
[Black "Riekert, Adrian"]
[Result "0-1"]
[WhiteElo "1848"]
[BlackElo "1786"]
[PlyCount "50"]
[EventDate "2022.09.03"]
[EventType "team-tourn"]
[EventRounds "7"]
[EventCountry "GER"]
[SourceTitle "EXT 2024"]
[Source "ChessBase"]
[SourceDate "2023.10.10"]
[SourceVersion "1"]
[SourceVersionDate "2023.10.10"]
[SourceQuality "1"]
[WhiteTeam "Metelen"]
[BlackTeam "Muenster SK IV"]
[WhiteTeamCountry "GER"]
[BlackTeamCountry "GER"]

1. e4 c6 2. d4 d5 3. e5 Bf5 4. Nf3 e6 5. Be2 Nd7 6. 0-0 Ne7 7. Nbd2 c5 8. c4 cxd4 9. cxd5 Nxd5 10. Nxd4 Bg6 11. Nc4 Be7 12. f4 0-0 13. Kh1 a6 14. Bf3 Nc5 15. Bxd5 exd5 16. Ne3 Be4 17. Qg4 Nd3 18. Nef5 g6 19. Be3 Bc5 20. e6 Qf6 21. exf7+ Kh8 22. Nh6 Bxd4 23. Bxd4 Qxd4 24. Qg3 Rac8 25. f5 Rc2 0-1

[Event "Muensterland Regionalliga Gr1 2223"]
[Site "Germany"]
[Date "2022.09.03"]
[Round "1.6"]
[White "Wigger, Frank"]
[Black "Hoge, Reinhard"]
[Result "1-0"]
[WhiteElo "1848"]
[BlackElo "1834"]
[PlyCount "81"]
[EventDate "2022.09.03"]
[EventType "team-tourn"]
[EventRounds "7"]
[EventCountry "GER"]
[SourceTitle "EXT 2024"]
[Source "ChessBase"]
[SourceDate "2023.10.10"]
[SourceVersion "1"]
[SourceVersionDate "2023.10.10"]
[SourceQuality "1"]
[WhiteTeam "Metelen"]
[BlackTeam "Saerbeck"]
[WhiteTeamCountry "GER"]
[BlackTeamCountry "GER"]

1. e4 c6 2. d4 d5 3. e5 Bf5 4. Nf3 e6 5. Be2 Nd7 6. 0-0 Ne7 7. Nbd2 c5 8. c3 Nc6 9. a3 cxd4 10. cxd4 a5 11. h3 Qb6 12. Nb1 Bxb1 13. Rxb1 Bxa3 14. Be3 Be7 15. Nh2 0-0 16. f4 f6 17. Qd2 fxe5 18. fxe5 Rxf1+ 19. Rxf1 Rf8 20. Nf3 Rf7 21. Bd3 Nf8 22. h4 Qd8 23. h5 Qd7 24. Bb5 Qd8 25. Qc2 Na7 26. Bd3 Qb6 27. Qa4 Nc6 28. Rf2 Nb4 29. Bb1 Qd8 30. Qb5 b6 31. g4 Nd7 32. g5 Rf8 33. Qe2 Qc7 34. Rh2 Qc4 35. Qf2 Nd3 36. Qg3 Qb3 37. Bc2 Qc4 38. Qh3 Rf5 39. Nh4 Bxg5 40. Nxf5 Bxe3+ 41. Nxe3 1-0

[Event "Muensterland Regionalliga 1920"]
[Site "Germany"]
[Date "2020.02.22"]
[Round "7.6"]
[White "Wigger, Frank"]
[Black "Ratert, Matthias"]
[Result "1/2-1/2"]
[WhiteElo "1820"]
[BlackElo "1857"]
[PlyCount "50"]
[EventDate "2019.09.07"]
[EventType "team-tourn"]
[EventRounds "7"]
[EventCountry "GER"]
[SourceTitle "EXT 2023"]
[Source "ChessBase"]
[SourceDate "2022.10.05"]
[SourceVersion "1"]
[SourceVersionDate "2022.10.05"]
[SourceQuality "1"]
[WhiteTeam "Metelen"]
[BlackTeam "Rheine Klein Berlin"]
[WhiteTeamCountry "GER"]
[BlackTeamCountry "GER"]

1. e4 e5 2. Bc4 Nf6 3. d4 exd4 4. Nf3 Nxe4 5. Qxd4 Nf6 6. Nc3 Nc6 7. Qh4 Bb4 8. 0-0 0-0 9. Bg5 Bxc3 10. bxc3 h6 11. Bxh6 gxh6 12. Qxh6 d5 13. Bd3 Ne4 14. Rfe1 Qf6 15. Qh5 Qh8 16. Qxd5 Nf6 17. Qg5+ Qg7 18. Qf4 Nd5 19. Qh4 Nce7 20. Rxe7 Nxe7 21. Qxe7 f6 22. Qe4 Rd8 23. Bc4+ Kf8 24. Re1 Bg4 25. Qf4 Bxf3 1/2-1/2

[Event "Muensterland Regionalliga 1920"]
[Site "Germany"]
[Date "2020.02.01"]
[Round "6.5"]
[White "Wigger, Frank"]
[Black "Thesing, Ansgar"]
[Result "1-0"]
[WhiteElo "1820"]
[BlackElo "1746"]
[PlyCount "103"]
[EventDate "2019.09.07"]
[EventType "team-tourn"]
[EventRounds "7"]
[EventCountry "GER"]
[SourceTitle "EXT 2023"]
[Source "ChessBase"]
[SourceDate "2022.10.05"]
[SourceVersion "1"]
[SourceVersionDate "2022.10.05"]
[SourceQuality "1"]
[WhiteTeam "Metelen"]
[BlackTeam "Borken"]
[WhiteTeamCountry "GER"]
[BlackTeamCountry "GER"]

1. e4 c5 2. c3 d5 3. exd5 Qxd5 4. d4 Nf6 5. Nf3 Nc6 6. Be3 cxd4 7. cxd4 e5 8. Nc3 Bb4 9. dxe5 Qxd1+ 10. Rxd1 Ne4 11. Bd2 Nxd2 12. Rxd2 0-0 13. Bb5 Bg4 14. Bxc6 bxc6 15. 0-0 Rfe8 16. Re1 Rad8 17. Rxd8 Rxd8 18. Rd1 Rxd1+ 19. Nxd1 Kf8 20. Ne3 Bd7 21. Nc4 Be6 22. b3 Bc3 23. Nfd2 Bd5 24. f4 Bd4+ 25. Kf1 f6 26. Nf3 Ba1 27. exf6 Bxc4+ 28. bxc4 Bxf6 29. Ke2 Ke7 30. Kd3 Kd6 31. g4 h6 32. h4 c5 33. g5 hxg5 34. hxg5 Bb2 35. Ke4 Ke6 36. Ne1 Bc3 37. Nc2 a5 38. a4 Bb2 39. Ne3 Bd4 40. Nf1 Bb2 41. Nd2 Bc3 42. Nb3 Bb4 43. f5+ Kd6 44. f6 gxf6 45. gxf6 Ke6 46. f7 Kxf7 47. Kd5 Ke7 48. Nxc5 Kd8 49. Kc6 Kc8 50. Nb3 Kb8 51. Kb6 Kc8 52. Nxa5 1-0

[Event "Muensterland Regionalliga 1920"]
[Site "Germany"]
[Date "2019.09.07"]
[Round "1.6"]
[White "Murina, Reinhard"]
[Black "Wigger, Frank"]
[Result "1-0"]
[WhiteElo "1920"]
[BlackElo "1820"]
[PlyCount "53"]
[EventDate "2019.09.07"]
[EventType "team-tourn"]
[EventRounds "7"]
[EventCountry "GER"]
[SourceTitle "EXT 2023"]
[Source "ChessBase"]
[SourceDate "2022.10.05"]
[SourceVersion "1"]
[SourceVersionDate "2022.10.05"]
[SourceQuality "1"]
[WhiteTeam "Bocholt"]
[BlackTeam "Metelen"]
[WhiteTeamCountry "GER"]
[BlackTeamCountry "GER"]

1. d4 Nf6 2. c4 c5 3. d5 b5 4. cxb5 a6 5. bxa6 Bxa6 6. b3 g6 7. g3 Bg7 8. Bb2 0-0 9. Bg2 d6 10. Nh3 Qa5+ 11. Bc3 Qc7 12. Nf4 Nbd7 13. 0-0 Rfb8 14. Nd2 Nb6 15. h4 h5 16. a4 Ra7 17. Rc1 Qd7 18. Nf3 Rc7 19. Ng5 Qe8 20. a5 Nc8 21. Bh3 Rcb7 22. Qc2 Ng4 23. Bxg7 Kxg7 24. Nxh5+ gxh5 25. Qh7+ Kf6 26. Ne4+ Ke5 27. Qxh5+ 1-0

[Event "Muensterland Verbandsliga 1819 playoff"]
[Site "Germany"]
[Date "2019.05.25"]
[Round "2.6"]
[White "Brands, Julian"]
[Black "Wigger, Frank"]
[Result "1/2-1/2"]
[WhiteElo "1719"]
[BlackElo "1824"]
[PlyCount "30"]
[EventDate "2019.05.18"]
[EventType "team-k.o."]
[EventRounds "2"]
[EventCountry "GER"]
[SourceTitle "CBM 190 Extra"]
[Source "ChessBase"]
[SourceDate "2019.07.15"]
[SourceVersion "1"]
[SourceVersionDate "2019.07.15"]
[SourceQuality "1"]
[WhiteTeam "Gescher"]
[BlackTeam "Metelen"]
[WhiteTeamCountry "GER"]
[BlackTeamCountry "GER"]

1. e4 e5 2. Nf3 Nc6 3. c3 d5 4. Qa4 f6 5. exd5 Qxd5 6. d4 Bd7 7. Qb3 Qxb3 8. axb3 exd4 9. Nxd4 Bc5 10. Be3 Bxd4 11. cxd4 Nb4 12. Na3 Bc6 13. Bc4 Ne7 14. 0-0 a6 15. Rfe1 0-0-0 1/2-1/2

[Event "Muensterland Verbandsliga 1819"]
[Site "Germany"]
[Date "2019.05.04"]
[Round "9.5"]
[White "Austermann, Reinhold"]
[Black "Wigger, Frank"]
[Result "1/2-1/2"]
[WhiteElo "1820"]
[BlackElo "1812"]
[PlyCount "29"]
[EventDate "2018.09.01"]
[EventType "team-tourn"]
[EventRounds "9"]
[EventCountry "GER"]
[SourceTitle "EXT 2020"]
[Source "ChessBase"]
[SourceDate "2019.10.17"]
[SourceVersion "1"]
[SourceVersionDate "2019.10.17"]
[SourceQuality "1"]
[WhiteTeam "Beelen"]
[BlackTeam "Metelen"]
[WhiteTeamCountry "GER"]
[BlackTeamCountry "GER"]

1. d4 Nf6 2. e3 d5 3. Bd3 g6 4. Nd2 Bg7 5. c3 Nbd7 6. f4 e6 7. Qe2 c5 8. Ngf3 a6 9. 0-0 0-0 10. Ne5 Qc7 11. Ndf3 b5 12. Nxd7 Nxd7 13. Bd2 Bb7 14. Ne5 Nf6 15. b4 1/2-1/2

[Event "Muensterland Verbandsliga 1819"]
[Site "Germany"]
[Date "2019.02.16"]
[Round "7.5"]
[White "Wigger, Frank"]
[Black "Iking, Bernhard"]
[Result "1-0"]
[WhiteElo "1812"]
[BlackElo "1760"]
[PlyCount "127"]
[EventDate "2018.09.01"]
[EventType "team-tourn"]
[EventRounds "9"]
[EventCountry "GER"]
[SourceTitle "EXT 2020"]
[Source "ChessBase"]
[SourceDate "2019.10.17"]
[SourceVersion "1"]
[SourceVersionDate "2019.10.17"]
[SourceQuality "1"]
[WhiteTeam "Metelen"]
[BlackTeam "Gescher"]
[WhiteTeamCountry "GER"]
[BlackTeamCountry "GER"]

1. e4 e6 2. d4 d5 3. Nd2 Nf6 4. e5 Nfd7 5. Bd3 c5 6. c3 Nc6 7. Ngf3 cxd4 8. cxd4 Qb6 9. 0-0 Nxd4 10. Nxd4 Qxd4 11. Nf3 Qb6 12. Qa4 Be7 13. Qg4 g6 14. Bh6 Qxb2 15. Rfb1 Qc3 16. Bb5 a6 17. Bd2 Qc7 18. Rc1 Qd8 19. Ba4 b5 20. Bc2 h5 21. Qg3 Rg8 22. Nd4 h4 23. Qf4 g5 24. Qe3 Bb7 25. Bd1 Qb6 26. Bh5 Rg7 27. Bc3 Rc8 28. Rd1 g4 29. Rac1 Bg5 30. Qe1 Bxc1 31. Ba5 Qxd4 32. Rxd4 Bb2 33. Rd1 Bxe5 34. Rc1 Rc4 35. Rxc4 dxc4 36. Qd2 Bd5 37. Qh6 c3 38. Bb4 Rg8 39. Qh7 Rg7 40. Qh8+ Nf8 41. Qxf8+ Kd7 42. Qe7+ Kc6 43. Qc5+ Kb7 44. Bxc3 f6 45. Bxe5 fxe5 46. a3 g3 47. hxg3 hxg3 48. f3 Rc7 49. Qe3 Rc2 50. Qe1 Ra2 51. Qxg3 Rxa3 52. Qxe5 b4 53. Qd4 a5 54. Bg6 b3 55. Bb1 Kc6 56. Kf2 Kb5 57. g4 Ra4 58. Qc3 Rb4 59. g5 Rf4 60. g6 a4 61. g7 e5 62. Qxe5 Rxf3+ 63. Ke2 Kc4 64. Qxd5+ 1-0

[Event "Muensterland Verbandsliga 1819"]
[Site "Germany"]
[Date "2018.11.24"]
[Round "4.6"]
[White "Wigger, Frank"]
[Black "Droste, Laurenz"]
[Result "1-0"]
[WhiteElo "1812"]
[BlackElo "1619"]
[PlyCount "72"]
[EventDate "2018.09.01"]
[EventType "team-tourn"]
[EventRounds "9"]
[EventCountry "GER"]
[SourceTitle "EXT 2020"]
[Source "ChessBase"]
[SourceDate "2019.10.17"]
[SourceVersion "1"]
[SourceVersionDate "2019.10.17"]
[SourceQuality "1"]
[WhiteTeam "Metelen"]
[BlackTeam "Raesfeld Erle II"]
[WhiteTeamCountry "GER"]
[BlackTeamCountry "GER"]

1. e4 e6 2. d4 b6 3. Nf3 Bb7 4. Bd3 c5 5. c3 cxd4 6. cxd4 Bb4+ 7. Nbd2 Nf6 8. Qe2 0-0 9. 0-0 Nc6 10. a3 Be7 11. Re1 d6 12. Nf1 Re8 13. Ng3 Rc8 14. Bd2 Nd7 15. Rad1 Bh4 16. e5 dxe5 17. dxe5 f5 18. exf6 Qxf6 19. Bc3 Qe7 20. Qe4 g5 21. Nxh4 Nc5 22. Qg4 h6 23. Ng6 Qf7 24. Bc2 Ne7 25. Nxe7+ Rxe7 26. Qd4 Qg7 27. Qxg7+ Rxg7 28. Bxg7 Kxg7 29. Bb1 Bd5 30. Ne4 Nd7 31. Nc3 Nf6 32. Nxd5 exd5 33. Re7+ Kf8 34. Rxa7 d4 35. h3 Nd5 36. Rxd4 Nf4 1-0

[Event "Muensterland Verbandsliga 1819"]
[Site "Germany"]
[Date "2018.11.03"]
[Round "3.5"]
[White "Wigger, Frank"]
[Black "Kuhlenbaeumer, Alfred"]
[Result "1-0"]
[WhiteElo "1812"]
[BlackElo "1842"]
[PlyCount "63"]
[EventDate "2018.09.01"]
[EventType "team-tourn"]
[EventRounds "9"]
[EventCountry "GER"]
[SourceTitle "EXT 2020"]
[Source "ChessBase"]
[SourceDate "2019.10.17"]
[SourceVersion "1"]
[SourceVersionDate "2019.10.17"]
[SourceQuality "1"]
[WhiteTeam "Metelen"]
[BlackTeam "Telgte"]
[WhiteTeamCountry "GER"]
[BlackTeamCountry "GER"]

1. e4 c6 2. d4 d5 3. e5 Bf5 4. Nf3 e6 5. Be2 Nd7 6. 0-0 c5 7. c4 Ne7 8. Na3 Nc6 9. Bg5 Qa5 10. Nb5 a6 11. Nc3 h6 12. Be3 dxc4 13. Bxc4 b5 14. Bb3 Rd8 15. Nh4 Bh7 16. Bxe6 Ndxe5 17. Qe2 fxe6 18. dxe5 Qc7 19. Qg4 Qf7 20. f4 Nd4 21. Bxd4 cxd4 22. f5 dxc3 23. fxe6 Qa7+ 24. Kh1 g6 25. Nxg6 Qg7 26. Rf6 Be7 27. Qh5 Bxf6 28. Nxh8+ Kf8 29. Rf1 cxb2 30. exf6 Qc7 31. e7+ Kg8 32. Qf7+ 1-0

[Event "Muensterland Verbandsliga 1718"]
[Site "Germany"]
[Date "2018.02.10"]
[Round "6.4"]
[White "Junker, Axel"]
[Black "Wigger, Frank"]
[Result "1/2-1/2"]
[WhiteElo "1878"]
[BlackElo "1794"]
[PlyCount "48"]
[EventDate "2017.09.09"]
[EventType "team-tourn"]
[EventRounds "9"]
[EventCountry "GER"]
[SourceTitle "EXT 2019"]
[Source "ChessBase"]
[SourceDate "2018.10.10"]
[SourceVersion "1"]
[SourceVersionDate "2018.10.10"]
[SourceQuality "1"]
[WhiteTeam "Telgte"]
[BlackTeam "Metelen"]
[WhiteTeamCountry "GER"]
[BlackTeamCountry "GER"]

1. c4 b6 2. Nc3 Bb7 3. e4 e5 4. Nf3 Nc6 5. a3 Nf6 6. d3 Be7 7. b4 d6 8. Be2 0-0 9. 0-0 a5 10. b5 Nb8 11. Ne1 Nbd7 12. f4 exf4 13. Bxf4 Nc5 14. Ra2 Nfd7 15. Be3 Bg5 16. Nc2 f5 17. exf5 Bxe3+ 18. Nxe3 Qg5 19. Ned5 Rae8 20. Qd2 Rxf5 21. Rxf5 Qxf5 22. Qf4 Qxf4 23. Nxf4 Nf6 24. g3 Nb3 1/2-1/2

[Event "Muensterland Verbandsliga 1718"]
[Site "Germany"]
[Date "2017.11.18"]
[Round "3.5"]
[White "Loedding, Detlef"]
[Black "Wigger, Frank"]
[Result "1-0"]
[WhiteElo "1862"]
[BlackElo "1794"]
[PlyCount "67"]
[EventDate "2017.09.09"]
[EventType "team-tourn"]
[EventRounds "9"]
[EventCountry "GER"]
[SourceTitle "EXT 2019"]
[Source "ChessBase"]
[SourceDate "2018.10.10"]
[SourceVersion "1"]
[SourceVersionDate "2018.10.10"]
[SourceQuality "1"]
[WhiteTeam "Duelmen"]
[BlackTeam "Metelen"]
[WhiteTeamCountry "GER"]
[BlackTeamCountry "GER"]

1. c4 b6 2. e4 Bb7 3. Nc3 e6 4. Nge2 Ne7 5. d4 d6 6. g3 g6 7. Bg2 Bg7 8. 0-0 0-0 9. Be3 Nd7 10. Qd2 a6 11. Bh6 e5 12. Bxg7 Kxg7 13. f4 f5 14. Rad1 Qe8 15. dxe5 Nc5 16. exd6 cxd6 17. Nd5 Nxd5 18. exd5 Bc8 19. Rfe1 Qd8 20. b4 Nb7 21. Nd4 Qc7 22. Nc6 Bd7 23. Qd4+ Kg8 24. Re7 Rf7 25. Rxf7 Kxf7 26. Re1 Re8 27. Rxe8 Bxe8 28. Qh8 Qd7 29. Qxh7+ Kf6 30. Qh8+ Kf7 31. h4 a5 32. a3 axb4 33. axb4 Nd8 34. Qh7+ 1-0

[Event "Muensterland Verbandsliga 1718"]
[Site "Germany"]
[Date "2017.09.09"]
[Round "1.5"]
[White "Herdering, Martin"]
[Black "Wigger, Frank"]
[Result "1/2-1/2"]
[WhiteElo "1806"]
[BlackElo "1794"]
[PlyCount "60"]
[EventDate "2017.09.09"]
[EventType "team-tourn"]
[EventRounds "9"]
[EventCountry "GER"]
[SourceTitle "EXT 2019"]
[Source "ChessBase"]
[SourceDate "2018.10.10"]
[SourceVersion "1"]
[SourceVersionDate "2018.10.10"]
[SourceQuality "1"]
[WhiteTeam "Heiden"]
[BlackTeam "Metelen"]
[WhiteTeamCountry "GER"]
[BlackTeamCountry "GER"]

1. e4 e5 2. Nf3 Nc6 3. Bc4 Nf6 4. d3 Bc5 5. c3 a6 6. Bb3 Ba7 7. h3 h6 8. Nbd2 0-0 9. Qe2 d5 10. Nf1 dxe4 11. dxe4 Na5 12. Ng3 Nxb3 13. axb3 Be6 14. Nxe5 Qe7 15. Nc4 Rfe8 16. 0-0 Bxc4 17. Qxc4 Qe5 18. Kh1 Nxe4 19. Nxe4 Qxe4 20. Qxc7 Re7 21. Qg3 Kh7 22. Be3 Bxe3 23. Qxe3 Rae8 24. Rae1 Qc2 25. Qxe7 Rxe7 26. Rxe7 Qxb2 27. Rxb7 Qxc3 28. Rd1 Qc2 29. Rdd7 Qc1+ 30. Kh2 Qf4+ 1/2-1/2

[Event "Muensterland Verbandsklasse 1314"]
[Site "Germany"]
[Date "2013.12.21"]
[Round "4.3"]
[White "Wigger, Frank"]
[Black "Sroka, Andre"]
[Result "1-0"]
[WhiteElo "1809"]
[BlackElo "1839"]
[PlyCount "87"]
[EventDate "2013.09.21"]
[EventType "team-tourn"]
[EventRounds "9"]
[EventCountry "GER"]
[SourceTitle "EXT 2015"]
[Source "ChessBase"]
[SourceDate "2014.11.20"]
[SourceVersion "1"]
[SourceVersionDate "2014.11.20"]
[SourceQuality "1"]
[WhiteTeam "Metelen"]
[BlackTeam "Muenster SK V"]
[WhiteTeamCountry "GER"]
[BlackTeamCountry "GER"]

1. e4 c5 2. c3 Nf6 3. e5 Nd5 4. d4 cxd4 5. Nf3 e6 6. cxd4 b6 7. Nc3 Nxc3 8. bxc3 Be7 9. Bd2 0-0 10. Bd3 d5 11. Qe2 Nc6 12. 0-0 Bb7 13. Rac1 Rc8 14. Be3 Na5 15. Nd2 Rc7 16. Qg4 Qc8 17. Bh6 g6 18. Bxf8 Bxf8 19. Nb1 Nc4 20. Bxc4 Rxc4 21. Qf4 Be7 22. Rc2 Qd8 23. Qe3 Ba6 24. Rfc1 Rc7 25. h3 Kg7 26. Nd2 Ba3 27. Rb1 h6 28. c4 Be7 29. Rbc1 Bb7 30. Nf3 dxc4 31. Rxc4 Bg5 32. Nxg5 Rxc4 33. Nxe6+ fxe6 34. Rxc4 Qd5 35. Rc7+ Kg8 36. Qf3 Qxf3 37. gxf3 Bxf3 38. Rxa7 b5 39. a3 h5 40. Kf1 h4 41. Kg1 Be4 42. Rc7 Bf5 43. Kg2 Bd3 44. Kf3 1-0

[Event "Muensterland Verbandsklasse 1314"]
[Site "Germany"]
[Date "2013.11.23"]
[Round "3.4"]
[White "Wigger, Frank"]
[Black "Kloster, Daniel"]
[Result "0-1"]
[WhiteElo "1809"]
[BlackElo "1651"]
[PlyCount "65"]
[EventDate "2013.09.21"]
[EventType "team-tourn"]
[EventRounds "9"]
[EventCountry "GER"]
[SourceTitle "EXT 2015"]
[Source "ChessBase"]
[SourceDate "2014.11.20"]
[SourceVersion "1"]
[SourceVersionDate "2014.11.20"]
[SourceQuality "1"]
[WhiteTeam "Metelen"]
[BlackTeam "Stadtlohn"]
[WhiteTeamCountry "GER"]
[BlackTeamCountry "GER"]

1. e4 e6 2. d4 d5 3. Nd2 Nf6 4. e5 Nfd7 5. c3 c5 6. Bd3 Nc6 7. Ngf3 Qb6 8. 0-0 cxd4 9. cxd4 Nxd4 10. Nxd4 Qxd4 11. Nf3 Qb6 12. Qa4 Be7 13. Qg4 g6 14. Re1 Qb4 15. Qg3 Qb6 16. a3 Nc5 17. Bc2 Bd7 18. b4 Na6 19. Be3 Qd8 20. Rac1 Bb5 21. Nd4 Bd7 22. Bd3 Nc7 23. Rc3 a6 24. Rec1 Nb5 25. Nxb5 axb5 26. Bh6 Bc6 27. Qh3 Bg5 28. R1c2 Bxh6 29. Qxh6 d4 30. Rb3 Qd5 31. Rxc6 bxc6 32. Rb2 Rxa3 33. Bf1 0-1

[Event "Muensterland Verbandsklasse-A 1213"]
[Site "Germany"]
[Date "2012.10.20"]
[Round "2.4"]
[White "Wigger, Frank"]
[Black "Hagemann, Lars"]
[Result "1-0"]
[WhiteElo "1801"]
[BlackElo "1703"]
[PlyCount "83"]
[EventDate "2012.09.15"]
[EventType "team-tourn"]
[EventRounds "9"]
[EventCountry "GER"]
[SourceTitle "EXT 2015"]
[Source "ChessBase"]
[SourceDate "2014.11.20"]
[SourceVersion "1"]
[SourceVersionDate "2014.11.20"]
[SourceQuality "1"]
[WhiteTeam "Metelen"]
[BlackTeam "Nienberge II"]
[WhiteTeamCountry "GER"]
[BlackTeamCountry "GER"]

1. e4 c5 2. c3 Nf6 3. e5 Nd5 4. d4 e6 5. Nf3 Nc6 6. c4 Nb6 7. d5 Ne7 8. d6 Nf5 9. Bd3 Nxd6 10. exd6 Bxd6 11. Nc3 Be7 12. 0-0 d6 13. Qe2 Bd7 14. Bf4 Bc6 15. Rad1 a6 16. Rfe1 Qc7 17. Be4 0-0-0 18. Bxc6 Qxc6 19. a3 e5 20. Nxe5 dxe5 21. Qxe5 Bd6 22. Rxd6 Qxd6 23. Qxd6 Rxd6 24. Bxd6 Nxc4 25. Bxc5 Nxb2 26. Re7 Rd8 27. h3 Nd3 28. Be3 Rd7 29. Rxd7 Kxd7 30. Kf1 b5 31. Ke2 Ne5 32. Bc5 Nc4 33. Ne4 Kc6 34. Bf8 Kd5 35. f3 f5 36. Nc3+ Kc6 37. Kd3 a5 38. Nb1 g6 39. Kd4 h5 40. h4 Kb6 41. Nc3 Kc6 42. Nxb5 1-0

[Event "Muensterland Verbandsklasse-A 1011"]
[Site "Germany"]
[Date "2011.04.09"]
[Round "9.4"]
[White "Wigger, Frank"]
[Black "Rudde, Simon"]
[Result "1-0"]
[WhiteElo "1740"]
[BlackElo "1711"]
[PlyCount "33"]
[EventDate "2010.09.18"]
[EventType "team-tourn"]
[EventRounds "9"]
[EventCountry "GER"]
[SourceTitle "EXT 2012"]
[Source "ChessBase"]
[SourceDate "2011.11.24"]
[SourceVersion "1"]
[SourceVersionDate "2011.11.24"]
[SourceQuality "1"]
[WhiteTeam "Metelen"]
[BlackTeam "Ahaus Wessum II"]
[WhiteTeamCountry "GER"]
[BlackTeamCountry "GER"]

1. e4 c5 2. c3 d5 3. exd5 Qxd5 4. d4 cxd4 5. cxd4 Nf6 6. Nc3 Qa5 7. Bc4 e6 8. a3 a6 9. Nf3 Be7 10. 0-0 0-0 11. Re1 b5 12. Ba2 Bb7 13. d5 Rd8 14. Bd2 Qc7 15. dxe6 Nd5 16. exf7+ Kh8 17. Nxd5 1-0

[Event "Muensterland Verbandsklasse-A 1011"]
[Site "Germany"]
[Date "2011.01.08"]
[Round "5.4"]
[White "Wigger, Frank"]
[Black "Langendijk, Andre"]
[Result "1-0"]
[WhiteElo "1740"]
[BlackElo "1883"]
[PlyCount "77"]
[EventDate "2010.09.18"]
[EventType "team-tourn"]
[EventRounds "9"]
[EventCountry "GER"]
[SourceTitle "EXT 2012"]
[Source "ChessBase"]
[SourceDate "2011.11.24"]
[SourceVersion "1"]
[SourceVersionDate "2011.11.24"]
[SourceQuality "1"]
[WhiteTeam "Metelen"]
[BlackTeam "Gronau"]
[WhiteTeamCountry "GER"]
[BlackTeamCountry "GER"]

1. e4 c5 2. c3 Nf6 3. e5 Nd5 4. d4 cxd4 5. Nf3 Nc6 6. cxd4 d6 7. Bc4 Nb6 8. Bb3 dxe5 9. d5 Na5 10. Nc3 e6 11. Nxe5 Nxb3 12. Qxb3 Bd6 13. Qb5+ Kf8 14. Nf3 Nxd5 15. 0-0 Nxc3 16. bxc3 Qc7 17. Rd1 Bd7 18. Qb3 Be7 19. Bf4 Qc8 20. Ne5 Be8 21. Rd2 g5 22. Bg3 h5 23. h3 f6 24. Nc4 e5 25. Ne3 Qc6 26. Rad1 Bf7 27. Qb1 Be6 28. Nd5 a5 29. Nxe7 Kxe7 30. Rd6 Qc7 31. Bxe5 Qc8 32. Qg6 Qf8 33. Rxe6+ Kxe6 34. Bxf6 Rh6 35. Re1+ Kd7 36. Qd3+ Qd6 37. Qf5+ Kc6 38. Re6 Rxf6 39. Qxf6 1-0

[Event "Muensterland Verbandsklasse-B 0910"]
[Site "Germany"]
[Date "2010.01.30"]
[Round "6.5"]
[White "Wilde, Juergen"]
[Black "Wigger, Frank"]
[Result "1/2-1/2"]
[WhiteElo "1634"]
[BlackElo "1771"]
[PlyCount "83"]
[EventDate "2009.09.19"]
[EventType "team-tourn"]
[EventRounds "9"]
[EventCountry "GER"]
[SourceTitle "EXT 2011"]
[Source "ChessBase"]
[SourceDate "2010.11.26"]
[SourceVersion "1"]
[SourceVersionDate "2010.11.26"]
[SourceQuality "1"]
[WhiteTeam "Rheine Klein Berlin II"]
[BlackTeam "Metelen"]
[WhiteTeamCountry "GER"]
[BlackTeamCountry "GER"]

1. e4 e5 2. Nf3 Nc6 3. Bc4 Nf6 4. 0-0 Bc5 5. d4 Bxd4 6. Nxd4 Nxd4 7. f4 d6 8. f5 h6 9. Be3 Nc6 10. Nc3 Bd7 11. a3 Ne7 12. Nd5 Nexd5 13. exd5 c6 14. Qf3 Qc7 15. Rad1 Rd8 16. Qg3 Kf8 17. Bb3 cxd5 18. Bxd5 Bc6 19. c4 Bxd5 20. cxd5 Qa5 21. Qf2 b6 22. b4 Qxa3 23. Ra1 Qxb4 24. Rxa7 Nxd5 25. Rc1 Kg8 26. Qa2 Qb5 27. Rd1 Rd7 28. Rxd7 Qxd7 29. Qxd5 Qxf5 30. Bxb6 Kh7 31. Qxd6 f6 32. Rf1 Qg6 33. Qe6 Re8 34. Qf5 Qxf5 35. Rxf5 Rb8 36. Ba5 Rb1+ 37. Rf1 Rb2 38. h3 Ra2 39. Bc3 Kg6 40. Rf2 Ra3 41. Bb2 Rb3 42. Kf1 1/2-1/2